[Event "Stay Safe Play From Home 266"]
[Site "Emanuel Lasker Arena"]
[Date "2020.06.30"]
[Round "1"]
[White "Lamborghini"]
[Black "The Next Contender"]
[Result "1-0"]
[WhiteElo "2335"]
[BlackElo "1897"]
[Annotator "TA"]
[PlyCount "79"]
[EventDate "2020.06.30"]
[EventType "swiss (blitz)"]

{[%evp 9,78,31,85,39,89,69,77,64,289,171,160,162,188,49,58,0,54,55,72,34,41,41,60,58,66,57,62,61,142,162,128,133,151,-114,280,268,275,274,268,274,274,279,537,528,563,578,666,650,686,7,7,8,95,0,0,0,1295,1274,1202,916,1195,1095,29983,29984,29983,29984,29997,29998,29998,29999,29999]} 1. e4 d5 2. exd5 Qxd5 3. Nc3 Qa5 4. d4 c6 5. Bc4 Bf5 (5... Nf6 $14) 6. Qe2 {B01: Scandinavian Defence.} e6 7. g4 $1 {[%cal Rg4f5]} Bg6 $1 8. f4 {[#] Black must now prevent f5.White is better.} Qd8 $146 ({Black should play} 8... Be7 $14) ({Predecessor:} 8... Bb4 9. Bd2 Ne7 10. O-O-O Nd7 11. a3 Bxc3 12. Bxc3 Qc7 13. f5 exf5 14. gxf5 Qf4+ {1-0 (21) Perez Rodriguez,L (2402)-Vazquez Igarza,R (2409) Havana 1999}) 9. Nf3 (9. f5 $142) 9... Be7 $18 10. h4 {Threatens to win with f5!} h5 {[#]} 11. g5 (11. Ne5 $1 $18) 11... Nd7 12. Bd2 (12. Ne4 $14) 12... Qc7 (12... Bxc2 $11 13. O-O Bf5) 13. O-O-O $14 O-O-O $1 14. Kb1 Bd6 15. Ne5 Nxe5 16. fxe5 Bb4 17. Ne4 $36 {[%mdl 2048] Black is under pressure.} Bxd2 $1 18. Rxd2 Bxe4 (18... Kb8 $14) 19. Qxe4 $16 Ne7 20. Rf1 Nf5 21. g6 $2 (21. Rxf5 $1 $16 exf5 22. Qxf5+ {[%mdl 64] Double Attack} Kb8 23. Bxf7) 21... fxg6 $2 {[%mdl 8192]} (21... Ng3 $17 {and life is bright.} 22. Qg2 Nxf1 23. Qxf1 fxg6 24. Bxe6+ Kb8) 22. Bxe6+ $18 {[%mdl 64] Double Attack} Kb8 23. Bxf5 gxf5 24. Rxf5 g6 25. Rf6 g5 $2 (25... Rhg8 26. Rg2 a6) 26. hxg5 h4 27. g6 h3 28. Rf7 Qa5 29. Rh2 $2 (29. c3 $18) 29... Rxd4 $1 $11 {[%cal Rd4d1]} 30. Qe2 {g7 is the strong threat.} Rhd8 {[#]} (30... Rg4 $1 $11 {remains equal.}) 31. a3 (31. Rf1 $1 $16 {Hoping for b3.} Qa6 32. b3 Qxe2 33. Rxe2) 31... Rd1+ (31... Rd2 $5 32. Qe4 $8 Rxh2 $11) 32. Ka2 Qd5+ $2 {[%mdl 8192]} (32... R1d2 $11 33. Qe4 Rxh2) 33. c4 $18 Qe6 34. Rf6 Qg8 35. e6 Rc1 36. Qe5+ {White mates.} Ka8 37. e7 Rdd1 38. Rf8+ {[%mdl 64] Back Rank} Qxf8 39. exf8=Q+ Rd8 40. Qxd8# {Accuracy: White = 60%, Black = 44%.} 1-0

[Event "Stay Safe Play From Home 266"]
[Site "Emanuel Lasker Arena"]
[Date "2020.06.30"]
[Round "1"]
[White "SoulofWolf"]
[Black "Bardellosport"]
[Result "1-0"]
[WhiteElo "2202"]
[BlackElo "2038"]
[Annotator "TA"]
[PlyCount "99"]
[EventDate "2020.06.30"]
[EventType "swiss (blitz)"]

{[%evp 9,99,64,74,53,58,51,59,44,50,37,63,-10,0,0,31,0,25,-18,71,75,112,118,152,49,101,66,89,-55,109,-70,29,-91,29,0,31,36,20,-119,-71,-253,-35,-230,10,0,41,47,88,48,60,0,80,73,107,74,154,74,70,41,79,58,147,80,146,104,266,244,233,238,351,229,350,343,1222,1162,1000,0,478,271,29988,29989,29992,29993,29993,2598,29992,29988,29988,29982,29991,29992,29993,29993]} 1. d4 d6 2. Nf3 f6 3. Bf4 g6 {[#]} 4. Bg3 $146 ({Predecessor:} 4. e3 h5 5. Bc4 g5 6. Bxg8 gxf4 7. Bc4 Bh6 8. e4 e6 9. O-O O-O 10. Nh4 Qe8 {1-0 (27) Mannsfeld,T-Terwitte,J Neumuenster 1998}) 4... Nh6 5. e4 Nf7 6. Bd3 {A41: 1 d4 d6: Tartakower System and Modern Defence.} Bg7 7. O-O O-O 8. Re1 {White is slightly better.} e5 9. Nbd2 Qe7 10. c4 (10. c3 $14) 10... Nc6 $11 11. d5 $36 {[%mdl 2048] White has good play.} Ncd8 12. b4 Bd7 13. c5 a6 (13... dxc5 $11 {keeps the balance.} 14. Rc1 c4 15. Nxc4 (15. Rxc4 Bb5 $11) 15... Qxb4) 14. Rc1 f5 15. exf5 gxf5 16. h3 (16. cxd6 $1 $16 cxd6 17. Rc7) 16... e4 (16... Ng5 $14) 17. Bc2 Qf6 18. Bh4 (18. Bxe4 $1 $16 fxe4 19. Nxe4) 18... Qg6 $2 (18... Qh6 $15 {keeps the upper hand.} 19. Nxe4 fxe4 20. Bxe4 Bb2) 19. Nh2 $2 (19. Nxe4 $1 $16 {Black must now prevent cxd6.} fxe4 20. Bxe4) 19... Ne5 ({Black should play} 19... Qh6 $15 20. cxd6 Nxd6) 20. Bg3 (20. f4 $11) 20... Nef7 (20... Ndf7 $17 21. Nhf1 a5 22. bxa5 Rxa5) 21. Bf4 (21. Nxe4 $5 fxe4 22. Rxe4 $11) 21... Be5 22. Bxe5 Nxe5 23. Bb3 (23. f4 $11 exf3 24. Nhxf3) 23... Ndf7 24. Kh1 $2 (24. c6 $17 bxc6 25. dxc6) 24... Ng5 $2 ({Better is} 24... Nd3 $19 25. Re2 Nxc1 26. Qxc1 Ne5) 25. Nc4 $2 (25. Bc2 $15) 25... Nxc4 $2 (25... Nd3 $19 26. Qd2 f4) 26. Bxc4 Nf7 27. f4 Kh8 28. Rc3 Rg8 {[%csl Gg8][%cal Rg6g2]} 29. Qe2 ({White should try} 29. Qd2 $14) 29... Rae8 (29... a5 $11 30. Qb2 Qg7) 30. Nf1 $16 Nh6 31. Rg3 Qf7 (31... Qf6 $142) 32. Qf2 (32. c6 $142 bxc6 33. dxc6) 32... Rxg3 33. Qxg3 Rg8 34. Qf2 Qg7 {[#]} (34... Rg7 $14) 35. Kh2 (35. c6 $142 $1 {[%mdl 512]}) 35... Nf7 (35... Be8 $142) 36. Bb3 c6 $2 (36... Bb5 $16) 37. Re3 cxd5 38. Bxd5 Qf6 (38... Bc6 $142) 39. Rg3 Rxg3 (39... Bc6 {might work better.}) 40. Nxg3 $18 {aiming for Nh5.} Qg7 $2 (40... Kg8 41. Bxb7 dxc5 42. bxc5 Qc3) 41. Nh5 Qg6 42. Ng3 $2 (42. Qd4+ $18 Kg8 43. Nf6+ {[%mdl 64] Double Attack} Kh8 44. Bxf7 Qxf7 45. Nxd7+ Qg7 46. Qxd6) 42... Kg7 $2 {[%mdl 8192]} (42... Qg7 $1 $11 {and Black is okay.} 43. Nh5 Qg6 44. Qd4+ Kg8 45. Nf6+ {[%mdl 64] Double Attack} Kh8 46. Bxf7 Qxf7 47. Nxd7+ Qg7 48. Qxd6 Qf7) 43. a3 (43. Qd4+ $142 Kf8 44. Bxb7) 43... Qf6 $2 (43... dxc5 $18 44. bxc5 (44. Bxb7 Qb6 $16) (44. Qxc5 Qd6 $16) 44... Bc6 45. Qd4+ Kg8 46. Bxc6 bxc6) 44. Nh5+ {[%mdl 64] Double Attack} Kg6 45. Nxf6 Kxf6 46. Bxb7 (46. Qh4+ $142 Kg7 {[#]} 47. Qe7 $1 {[%mdl 576] Double Attack} Be8 48. Qxe8 Nh6 49. Qe7+ $1 {[%mdl 576] Double Attack} Nf7 50. Qxf7+ {[%mdl 64] Double Attack} Kh6 51. Qg8 dxc5 52. Qg5#) 46... Nh6 47. Bxa6 {White mates.} d5 48. Qd4+ Kg6 49. Qxd5 Nf7 50. Qxd7 {Never resign too early! Accuracy: White = 33%, Black = 14%.} 1-0

[Event "Stay Safe Play From Home 266"]
[Site "Emanuel Lasker Arena"]
[Date "2020.06.30"]
[Round "1"]
[White "Lazieri3"]
[Black "Haxhi Baha"]
[Result "0-1"]
[WhiteElo "2079"]
[BlackElo "2001"]
[Annotator "TA"]
[PlyCount "100"]
[EventDate "2020.06.30"]
[EventType "swiss (blitz)"]

{[%evp 9,100,10,24,16,18,0,43,47,45,44,52,-10,-7,0,0,-35,-56,-111,8,13,14,1,0,0,18,-15,-5,-6,-13,-9,0,-229,-246,-291,952,-344,-344,-334,-315,-343,-268,-379,-383,-366,-370,-375,-358,-448,-453,-606,-580,-558,-484,-534,-517,-538,-537,-485,-447,-631,-590,-775,-767,-956,-929,-921,-914,-1067,-1053,-1224,-1212,-1750,-651,-1660,-1716,-29986,-29987,-29991,-29992,-29992,-29993,-29993,-29994,-29994,-29995,-29995,-29996,-29996,-29997,-29999,-29998,-29998,-29999]} 1. e4 e6 2. e5 d5 3. exd6 cxd6 4. d4 Nf6 5. c3 d5 6. Nf3 {C00: French: Unusual White 2nd moves.} Nc6 {[#]} 7. Bf4 $146 ({Predecessor:} 7. Bd3 Bd7 8. O-O Bd6 9. Bg5 O-O 10. Re1 Re8 11. Ne5 h6 12. Bxf6 Qxf6 13. Nxd7 {1-0 (24) Bertault Lopez,S-De Arriba Gonzalez,H Oviedo 2004}) 7... Bd6 8. Bxd6 {White is slightly better.} Qxd6 9. Bd3 O-O 10. h3 ({White should try} 10. O-O $14) 10... e5 11. dxe5 Nxe5 12. Nxe5 Qxe5+ 13. Qe2 (13. Kf1 $15) 13... Qd6 (13... Qg5 $17 {White must now prevent ...Re8!} 14. O-O Bxh3) 14. O-O $11 Re8 15. Qf3 Bd7 $36 {[%mdl 2048] White is under pressure.} 16. Na3 Bc6 17. Bb5 Rac8 18. Bxc6 bxc6 19. Nc2 Ne4 {Hoping for ...Nd2.} 20. Nd4 $2 (20. Rfe1 $11 {and White has nothing to worry.}) 20... Nd2 $1 $19 {[%csl LRf1,LRf3][%mdl 64] [#] Double Attack} 21. Qg3 Nxf1 $4 {[%mdl 8192]} (21... Qxg3 $19 22. fxg3 Nxf1 23. Rxf1 c5) 22. Rxf1 $4 {[%mdl 8192]} (22. Qxd6 $18 {was the only winning move.} Nd2 23. Nxc6) 22... Qxg3 23. fxg3 {[%mdl 4096] Endgame KRR-KRN} g6 24. g4 a6 25. a4 (25. Nc2 $142) 25... h6 26. Nf3 Kg7 27. Rf2 Rb8 28. Nd4 c5 29. Nc6 Rb6 30. Na5 Rbe6 31. Nb7 Re1+ 32. Kh2 c4 33. Nd6 R8e7 34. a5 (34. Rd2 $142 R7e5 35. Rf2) 34... R1e2 35. Rf3 Rxb2 36. Nc8 Re6 37. Nb6 Rb5 38. g5 hxg5 39. Rg3 Rxa5 40. Rxg5 Re3 41. Nxd5 Rd3 42. Nf4 Rxg5 {Black mates.} 43. Nxd3 cxd3 {KR-K3P} 44. h4 Rc5 45. c4 d2 46. h5 Rxc4 47. h6+ Kxh6 48. g3 d1=Q 49. Kh3 Qh5+ 50. Kg2 Rc2+ {Accuracy: White = 35%, Black = 72%.} 0-1

[Event "Stay Safe Play From Home 266"]
[Site "Emanuel Lasker Arena"]
[Date "2020.06.30"]
[Round "1"]
[White "Fischer_11"]
[Black "Toosieslide"]
[Result "0-1"]
[WhiteElo "2010"]
[BlackElo "2282"]
[Annotator "NA"]
[PlyCount "76"]
[EventDate "2020.06.30"]
[EventType "swiss (blitz)"]

1. e4 {[%emt 0:00:02]} e5 {[%emt 0:00:02]} 2. Nc3 {[%emt 0:00:01]} Nf6 {[%emt 0:00:01]} 3. Bc4 {[%emt 0:00:00]} Nxe4 {[%emt 0:00:01]} 4. Bxf7+ {[%emt 0:00:03]} Kxf7 {[%emt 0:00:00]} 5. Nxe4 {[%emt 0:00:00]} d5 {[%emt 0:00:00]} 6. Qf3+ {[%emt 0:00:02]} Kg8 {[%emt 0:00:03]} 7. Ng5 {[%emt 0:00:00]} Qd7 {[%emt 0:00:05]} 8. d4 {[%emt 0:00:02]} e4 {[%emt 0:00:03]} 9. Qe2 {[%emt 0:00:01]} h6 {[%emt 0:00:01]} 10. N5h3 {[%emt 0:00:01]} Nc6 {[%emt 0:00:01]} 11. f3 {[%emt 0:00:01]} Nxd4 {[%emt 0:00:02]} 12. Qd1 {[%emt 0:00:01]} Bc5 {[%emt 0:00:02]} 13. c3 {[%emt 0:00:02]} Nc6 {[%emt 0:00:05]} 14. fxe4 {[%emt 0:00:01]} dxe4 {[%emt 0:00:00]} 15. Qxd7 {[%emt 0:00:05]} Bxd7 {[%emt 0:00:00]} 16. Ne2 {[%emt 0:00:02]} Rf8 {[%emt 0:00:01]} 17. Rf1 {[%emt 0:00:02]} Ne5 {[%emt 0:00:00]} 18. Rxf8+ {[%emt 0:00:02]} Kxf8 {[%emt 0:00:00]} 19. Nhf4 {[%emt 0:00:03]} g5 {[%emt 0:00:02]} 20. Nd5 {[%emt 0:00:02]} Nd3+ {[%emt 0:00:03]} 21. Kd2 {[%emt 0:00:02]} c6 {[%emt 0:00:00]} 22. Nf6 {[%emt 0:00:03]} Bf5 {[%emt 0:00:00]} 23. Ng3 {[%emt 0:00:04]} e3+ {[%emt 0:00:01]} 24. Kd1 {[%emt 0:00:04]} Nf2+ {[%emt 0:00:01]} 25. Ke2 {[%emt 0:00:01]} Bd3+ {[%emt 0:00:01]} 26. Kf3 {[%emt 0:00:02]} Kf7 {[%emt 0:00:00]} 27. Nfe4 {[%emt 0:00:02]} Nxe4 {[%emt 0:00:02]} 28. Nxe4 {[%emt 0:00:00]} Bxe4+ {[%emt 0:00:00]} 29. Kxe4 {[%emt 0:00:00]} e2 {[%emt 0:00:00]} 30. Bd2 {[%emt 0:00:01]} Re8+ {[%emt 0:00:01]} 31. Kd3 {[%emt 0:00:00]} Bf2 {[%emt 0:00:01]} 32. Be1 {[%emt 0:00:01]} Re3+ {[%emt 0:00:02]} 33. Kd2 {[%emt 0:00:01]} Bg1 {[%emt 0:00:01]} 34. Rc1 {[%emt 0:00:03]} Re4 {[%emt 0:00:02]} 35. Bf2 {[%emt 0:00:00]} Bxf2 {[%emt 0:00:01]} 36. Kd3 {[%emt 0:00:00]} e1=Q {[%emt 0:00:01]} 37. Rc2 {[%emt 0:00:00]} Rd4+ {[%emt 0:00:01]} 38. cxd4 {[%emt 0:00:01]} Qe4+ {[%emt 0:00:00] Zeit (Lag: Av=0.55s, max=0.8s)} 0-1

[Event "Stay Safe Play From Home 266"]
[Site "Emanuel Lasker Arena"]
[Date "2020.06.30"]
[Round "1"]
[White "EL sanbary"]
[Black "Kubas"]
[Result "0-1"]
[WhiteElo "1909"]
[BlackElo "2355"]
[Annotator "TA"]
[PlyCount "58"]
[EventDate "2020.06.30"]
[EventType "swiss (blitz)"]

{[%evp 16,58,-2,0,48,-3,-8,-12,-7,-62,-52,-78,0,-38,25,-31,0,-8,25,-85,-72,-135,-127,-234,-231,-246,-253,-251,-241,-264,-259,-257,-267,-264,-254,-285,-239,-521,-509,-877,-348,-817,-817,-2404,-2381]} 1. c4 c5 2. g3 Nc6 3. Bg2 g6 4. Nc3 Bg7 5. e4 e6 6. Nge2 Nge7 7. O-O O-O 8. d3 d6 9. Be3 {9.Rb1 might become the main line.} Rb8 {A36: Symmetrical English vs ...g6: 4 Bg2 Bg7.} 10. Qd2 (10. d4 $14) 10... a6 $11 11. f4 b5 {[%cal Bb7b5,Bb5b4][%mdl 32] [#] The position is equal.} 12. Rf2 $146 (12. Rab1 $11) ({Predecessor:} 12. cxb5 axb5 13. d4 b4 14. Nd1 Ba6 15. dxc5 dxc5 16. Qc2 Nd4 17. Bxd4 cxd4 18. Qd2 {0-1 (27) Meyer,H-De la Rosa,D Chiasso 1991}) 12... b4 $15 13. Na4 Nd4 (13... Qa5 $17 14. Qc2 Bd7) 14. Raf1 (14. Bxd4 $5 cxd4 15. c5 $11) 14... f5 {[#]} (14... Nxe2+ $15 15. Qxe2 Bd7) 15. b3 ({Better is} 15. e5 $1 $11 {[%mdl 512]}) 15... Nec6 16. exf5 gxf5 17. h3 (17. Bxc6 $1 $11 {was the only way to keep the balance.} Nxc6 18. d4) 17... Bd7 18. Bxd4 (18. Bxc6 $142 Bxc6 19. Bxd4 cxd4 20. Kh2) 18... Nxd4 $17 19. Nxd4 (19. Kh2 $17) 19... Bxd4 $19 ({Stronger than} 19... cxd4 20. Rc1 $11) 20. Kh2 Bxf2 21. Rxf2 Qf6 22. Re2 Kh8 23. Nb2 Rg8 24. Nd1 Qg6 25. Re3 {White hopes to continue with d4.} Rbe8 26. Nf2 $2 (26. d4 {keeps fighting.} e5 27. dxe5) 26... e5 {Threatens to win with ...exf4.} 27. fxe5 {[#]} (27. Kg1 $142 exf4 28. Rxe8 Bxe8 29. g4) 27... dxe5 $2 (27... f4 $1 {[%cal Rf4g3][%mdl 512]} 28. Qe1 (28. gxf4 Qxg2#) 28... fxe3) 28. Qe2 $2 (28. g4) 28... f4 {[%cal Rf4g3]} 29. Rf3 fxg3+ {Accuracy: White = 25%, Black = 65%.} 0-1

[Event "Stay Safe Play From Home 266"]
[Site "Emanuel Lasker Arena"]
[Date "2020.06.30"]
[Round "1"]
[White "Patzeroglu"]
[Black "Mepe_Nika"]
[Result "0-1"]
[WhiteElo "1889"]
[BlackElo "2371"]
[Annotator "TA"]
[PlyCount "28"]
[EventDate "2020.06.30"]
[EventType "swiss (blitz)"]

{[%evp 9,28,-103,-97,-121,-74,-112,-105,-93,-102,-123,-113,-127,-101,-124,-89,-148,-153,-184,-161,-327,-203]} 1. e4 e5 2. f4 d5 3. d4 exd4 4. e5 c5 5. Nf3 Nc6 6. c3 {[%cal Rc3d4] C21: Danish Gambit.} Bg4 {[#]} 7. Bb5 $146 {[%cal Rc3d4]} ({Predecessor:} 7. Be2 Nge7 8. cxd4 Nf5 9. O-O Be7 10. dxc5 Bxc5+ 11. Kh1 O-O 12. Nc3 Bxf3 13. Rxf3 {1-0 (29) Saring,C (1970)-Dalinger,V (2195) Bayern 1996}) 7... Nge7 8. O-O {Black is better.} a6 9. Bxc6+ Nxc6 10. h3 Bxf3 11. Qxf3 Be7 12. Qf2 ({White must play} 12. Qg4) 12... O-O $17 13. Nd2 dxc3 14. Nf3 $2 {[#]} (14. bxc3 {was the only chance.} d4 15. cxd4) 14... d4 {Accuracy: White = 39%, Black = 54%.} 0-1

[Event "Stay Safe Play From Home 266"]
[Site "Emanuel Lasker Arena"]
[Date "2020.06.30"]
[Round "1"]
[White "Buzaglo"]
[Black "Justwatch"]
[Result "1-0"]
[WhiteElo "1821"]
[BlackElo "1660"]
[Annotator "NA RC"]
[PlyCount "21"]
[EventDate "2020.06.30"]
[EventType "swiss (blitz)"]

1. d4 {[%emt 0:00:01]} Nf6 {[%emt 0:00:00]} 2. Nf3 {[%emt 0:00:04]} g6 {[%emt 0:00:00]} 3. g3 {[%emt 0:00:00]} Bg7 {[%emt 0:00:01]} 4. Bg2 {[%emt 0:00:00]} O-O {[%emt 0:00:00]} 5. O-O {[%emt 0:00:00]} d6 {[%emt 0:00:00]} 6. c4 {[%emt 0:00:00]} Nc6 {[%emt 0:00:00]} 7. Nc3 {[%emt 0:00:00]} Bg4 {[%emt 0:00:02]} 8. d5 {[%emt 0:00:00]} Ne5 {[%emt 0:00:01]} 9. Nxe5 {[%emt 0:00:01]} dxe5 {[%emt 0:00:00]} 10. f3 {[%emt 0:00:02]} Bd7 {[%emt 0:00:00]} 11. b3 {[%emt 0:00:02] Justwatch terk eder (Lag: Av=0.57s, max=0.8s)} 1-0

[Event "Stay Safe Play From Home 266"]
[Site "Emanuel Lasker Arena"]
[Date "2020.06.30"]
[Round "1"]
[White "Klasman"]
[Black "Physikus"]
[Result "0-1"]
[WhiteElo "1322"]
[BlackElo "2080"]
[Annotator "TA"]
[PlyCount "34"]
[EventDate "2020.06.30"]
[EventType "swiss (blitz)"]

{[%evp 9,34,8,14,0,17,-18,-8,-14,-6,-33,-32,-36,-10,-53,-53,-237,-51,-71,-57,-180,-180,-458,-451,-664,-665,-650,-502]} 1. f4 f5 2. Nf3 Nf6 3. e3 d6 4. d4 g6 5. Nc3 Bg7 6. Bd3 {A02: Bird's Opening.} O-O {[#]} 7. Bd2 $146 ({Predecessor:} 7. O-O c6 8. h3 Qe8 9. Ne2 Nbd7 10. c3 e5 11. fxe5 dxe5 12. dxe5 Nxe5 13. Nxe5 Qxe5 {½-½ (23) Weber,S (1508)-Ruppert,H (1181) Frankfurt 2018}) 7... b6 8. O-O {The position is equal.} Bb7 9. h3 c5 10. Ng5 Qc8 11. Bc4+ (11. d5 $5) 11... d5 12. Bb3 $2 {[#]} (12. Be2 $15) 12... a6 $2 (12... c4 $1 $19 13. Ba4 a6) 13. dxc5 bxc5 {[%cal Bb6c5,Bc5c4][%mdl 32]} 14. Na4 ({Better is} 14. Ne2 $15) 14... c4 $19 15. Nc5 $2 (15. Nb6 Qc6 16. Nxa8 Bxa8 17. Rc1) 15... Qxc5 {Black is clearly winning.} ({Don't do} 15... cxb3 16. Bb4 $19) 16. Ne6 (16. Ba4 $142) 16... Qc6 17. Nxf8 d4 {Accuracy: White = 24%, Black = 69%.} 0-1

[Event "Stay Safe Play From Home 266"]
[Site "Emanuel Lasker Arena"]
[Date "2020.06.30"]
[Round "2"]
[White "Kubas"]
[Black "SoulofWolf"]
[Result "1-0"]
[WhiteElo "2357"]
[BlackElo "2212"]
[Annotator "TA"]
[PlyCount "95"]
[EventDate "2020.06.30"]
[EventType "swiss (blitz)"]

{[%evp 10,95,25,17,32,78,141,-10,76,1,106,100,150,94,160,0,0,-9,41,39,66,57,72,73,86,0,18,0,0,-23,-16,-23,0,-491,-131,-281,-48,-368,93,-429,-261,-526,118,103,288,158,512,396,410,271,425,406,466,466,523,415,415,415,415,361,516,253,968,915,29992,29993,29993,29986,5365,1884,1736,1279,1050,824,815,824,1102,1051,1176,969,936,956,1308,1285,1918,1738,3246,2681]} 1. e4 e6 2. Nf3 c5 3. Nc3 Nc6 4. d4 cxd4 5. Nxd4 Bc5 6. Nb3 Bb6 {B45: Sicilian Four Knights.} 7. Bf4 Nf6 (7... Nge7 $142) 8. Be2 $2 {[#]} (8. Bd6 $16) 8... O-O (8... d5 $11) 9. O-O (9. Bd6 $16) 9... a5 (9... d5 $11) 10. Bd6 $16 {[#]} Re8 $146 ({Predecessor:} 10... a4 11. Nd2 Bc7 12. Nc4 Bxd6 13. Nxd6 Qa5 14. Ncb5 b6 15. f4 Ba6 16. c4 e5 {0-1 (42) Lee,M-King,O (1279) Hong Kong 2019}) 11. a4 (11. e5 $142 a4 12. Nd2 (12. exf6 axb3 13. fxg7 bxa2 $16)) 11... Nb4 (11... Bc7 $142) 12. Nb5 $2 (12. e5 $16 Nfd5 13. Ne4) 12... Nxe4 $11 13. c3 Nxd6 (13... Nc6 {seems wilder.} 14. Qd3 Nxd6 15. Nxd6 Rf8 16. Rad1 Bc7) 14. Nxd6 Nd5 15. Nxe8 Qxe8 16. Bf3 Nf6 17. Qd2 (17. Qd6 $16 Qd8 18. c4) 17... d5 18. Nd4 Bd7 19. b3 Rc8 20. Rfe1 Qd8 21. Be2 $2 {[%mdl 8192]} (21. Nb5 $11 {and White stays safe.}) 21... Qc7 $2 (21... Ne4 $19 22. Qd1 Nxc3) 22. Rac1 (22. Bf3 $17 {keeps fighting.}) 22... Ba7 $2 ({Black should play} 22... e5 $19 {Strongly threatening ...Ne4.} 23. Bf3 exd4 24. cxd4 Qd6 25. Rxc8+ Bxc8) 23. Nb5 $2 {[%mdl 8192] [#]} ({White should try} 23. Bd3 $15) 23... Qb8 $2 ({Not} 23... Bxf2+ 24. Kxf2 Ne4+ 25. Kg1 $17) (23... Bxb5 $1 $19 24. Bxb5 Ng4 {[%mdl 64] Double Attack}) 24. c4 $2 {[%mdl 8192]} (24. Nxa7 $16 {and life is bright.} Qxa7 25. Qd4) 24... Bxb5 25. axb5 $2 (25. Bf3 {is a better defense.} Bc6 26. Qxa5) 25... Rd8 $2 (25... Ne4 $19 26. Qxa5 Bxf2+ {[%mdl 64] Double Attack} 27. Kf1 Qxh2) 26. Qxa5 $16 {aiming for b6.} b6 $2 (26... Bc5 $16) 27. Qb4 ({Better is} 27. Qa1 $18) 27... Ne4 $2 (27... d4 $16 {is more resistant.}) 28. Bf3 Nc5 29. Rcd1 d4 (29... Qd6 $142 30. cxd5 e5) 30. Qa3 $18 Qc7 31. b4 Bb8 32. g3 Nb7 33. Qd3 e5 34. Rc1 Nd6 (34... Rf8 {was called for.} 35. c5 g6) 35. Bd5 (35. Rxe5 $142 g6 36. Rce1) 35... Kf8 $2 (35... Nc8 36. Qf5 Rf8) 36. Qxh7 Ke7 37. Rxe5+ Kd7 38. Qxg7 Kc8 39. Qg4+ {White is clearly winning.} Qd7 40. Qxd7+ Rxd7 41. Rg5 Kc7 42. Rg8 Ba7 43. Ra8 Bb8 44. h4 Nf5 45. h5 d3 46. Rd1 Nh6 47. Rxd3 Rd6 48. Rf3 {What a bad dream for Black. Accuracy: White = 29%, Black = 20%.} 1-0

[Event "Stay Safe Play From Home 266"]
[Site "Emanuel Lasker Arena"]
[Date "2020.06.30"]
[Round "2"]
[White "Lamborghini"]
[Black "Buzaglo"]
[Result "1-0"]
[WhiteElo "2338"]
[BlackElo "1831"]
[Annotator "TA"]
[PlyCount "79"]
[EventDate "2020.06.30"]
[EventType "swiss (blitz)"]

{[%evp 9,78,84,172,159,200,200,176,32,274,280,267,246,499,306,297,302,302,284,336,316,436,279,275,240,1126,1098,958,912,840,443,493,367,29991,29992,29992,29993,29993,29990,29999,29993,29991,29989,29989,29990,29990,29990,29992,29984,29991,29983,29981,29982,29992,29992,29993,29994,29994,29994,29994,29994,29996,29995,29997,29998,29998,29999,29999,29999,29999,29999,29999]} 1. e4 e6 2. d4 d5 3. Nc3 c5 4. exd5 cxd4 5. Qxd4 Nf6 (5... Nc6 $16 {was worth a try.} 6. Bb5 exd5) 6. Bg5 {C10: French with 3 Nc3: Unusual Black 3rd moves and 3...dxe4.} Be7 7. Bb5+ Bd7 {[#]} 8. d6 $146 ({White should play} 8. O-O-O $18) ({Predecessor:} 8. dxe6 Bxb5 9. Qxd8+ Bxd8 10. exf7+ Kxf7 11. Nxb5 Re8+ 12. Be3 Kg8 13. O-O-O Na6 14. Nd6 Re7 15. Nxb7 Bc7 16. Bc5 Re2 {1-0 (16) Costa,P-Vilas Boas,C (1631) Sao Paulo 2011}) 8... Bf8 $2 {Loses the game.} (8... Bxb5 $14 9. Nxb5 Qa5+ {[%mdl 64] Double Attack} 10. Qc3 Qxb5 11. dxe7 Nbd7 12. Bxf6 gxf6) 9. O-O-O $18 Nc6 10. Bxc6 bxc6 $2 (10... Bxc6 {was necessary.} 11. Nf3 h6) 11. Nf3 {Black must now prevent Ne4.} h6 12. Bh4 {Strongly threatening Ne4.} g5 13. Bg3 Bg7 14. Be5 O-O 15. h4 c5 16. Qd2 Nd5 $2 (16... g4 17. Nh2 Rb8) 17. Bxg7 Kxg7 18. Nxd5 exd5 19. Qxd5 {[%cal Rh4g5]} Be6 20. Qe5+ Kg8 $2 (20... Qf6 $18 21. hxg5 Qxe5 22. Nxe5 hxg5) 21. hxg5 {White mates.} f6 22. Qxe6+ Rf7 23. g6 {[%mdl 64] [#] Pin} Kf8 24. Rxh6 {[%csl Gg6][%cal Re6f7]} Qd7 25. Qxf7+ Qxf7 26. gxf7 Kxf7 27. d7 Rd8 28. Rh4 Kg7 29. Rg4+ Kf7 30. Re4 f5 {[#]} 31. Re5 $1 Kf6 32. Rd6+ Kf7 33. c4 a5 34. Ng5+ Kg7 35. a4 Rf8 36. Re7+ Rf7 37. Rxf7+ Kg8 38. Rg6+ Kh8 39. Rfg7 {[%cal Rd7d8]} f4 40. Nf7# {Accuracy: White = 45%, Black = 28%.} 1-0